Beste Universität in jedem Bundesland - Statistiken

Allgemein
  • Dieses Quiz wurde 273 mal gespielt
  • Das Durchschnittsergebnis liegt bei 12 aus 16
Antwortstatistiken
# Bundesland Universität % Korrekt
1 Bayern Technische Universität München
97%
4 Berlin Charité – Universitätsmedizin Berlin
86%
35 Bremen Universität Bremen
86%
12 Hamburg Universität Hamburg
85%
29 Hessen Johann Wolfgang Goethe-Universität Frankfurt am Main
83%
3 Baden-Württemberg Ruprecht-Karls-Universität Heidelberg
83%
52 Saarland Universität des Saarlandes
83%
26 Brandenburg Universität Potsdam
83%
17 Sachsen Technische Universität Dresden
82%
31 Schleswig-Holstein Christian-Albrechts-Universität zu Kiel
80%
30 Rheinland-Pfalz Johannes Gutenberg-Universität Mainz
80%
20 Thüringen Friedrich-Schiller-Universität Jena
70%
7 Nordrhein-Westfalen Rheinische Friedrich-Wilhelms-Universität Bonn
68%
53 Sachsen-Anhalt Martin-Luther-Universität Halle-Wittenberg
64%
36 Mecklenburg-Vorpommern Universität Greifswald
56%
11 Niedersachen Georg-August-Universität Göttingen
54%
Keine übereinstimmenden Quizze gefunden
Verteilung der Resultate
Anzahl Personen mit jedem Resultat
Perzentil nach korrekt beantworteten Fragen
Ihre Resultats-Entwicklung
Sie haben dieses Quiz noch nicht gespielt